000
00325nam a22001457a 4500
008
250709b ||||| |||| 00| 0 eng d
020
_a
9789951077743
041
_a
SHQIP
080
_2
2016
_a
001
082
_2
001
100
_a
1
101
_a
GJUH DHE LETERSI
245
_a
ROBINSON KRUSO
_c
DANIEL DEFO
942
_2
udc
_c
BK
999
_c
60719
_d
60719